The great infanta Isabel sovereign of th Netherlands / (Record no. 86879)

MARC details
000 -LEADER
campo de control de longitud fija 00487nam a2200157 i 4500
001 - NÚMERO DE CONTROL
campo de control 86879
003 - IDENTIFICADOR DE NÚMERO DE CONTROL
campo de control ES-MaACL
007 - CAMPO FIJO DE DESCRIPCIÓN FÍSICA--INFORMACIÓN GENERAL
campo de control de longitud fija t|
008 - DATOS DE LONGITUD FIJA--INFORMACIÓN GENERAL
campo de control de longitud fija 041216s1910 xxk ||||1| eng d
100 1# - ENTRADA PRINCIPAL--NOMBRE DE PERSONA
Nombre de persona Klingenstein, L.
9 (RLIN) 68274
245 14 - MENCIÓN DEL TÍTULO
Título The great infanta Isabel sovereign of th Netherlands /
Mención de responsabilidad, etc. by L. Klingenstein ; with an introduction by Edward Armstrong.
260 ## - PUBLICACIÓN, DISTRIBUCIÓN, ETC.
Lugar de publicación, distribución, etc. London :
Nombre del editor, distribuidor, etc. Methnen and Cº,
Fecha de publicación, distribución, etc. [1910]
300 ## - DESCRIPCIÓN FÍSICA
Extensión 322 p.
700 1# - ENTRADA AGREGADA--NOMBRE PERSONAL
Nombre de persona Armstrong, Edward.
9 (RLIN) 23000
852 ## - LOCALIZACIÓN
Ubicación ES-MaACL
Número de control de estantería G-45
Holdings
Estatus retirado Estado de pérdida Estado de daño No para préstamo Biblioteca de origen Biblioteca actual Ubicación en estantería Fecha de adquisición Fuente de adquisición Total de préstamos Signatura topográfica completa Código de barras Visto por última vez Precio de reemplazo Tipo de ítem Koha
        Biblioteca del Ateneo de Madrid Biblioteca del Ateneo de Madrid Depósito 2 17/01/2008     G-45 1090776 23/02/2023 23/02/2023 Libro impreso